Korea Beatbox Championship 2025 - Statistics

General Stats
  • This quiz has been taken 5 times
  • The average score is 12 of 23
Answer Stats
Hint Answer % Correct
Hiss πŸ‡°πŸ‡·
100%
WING πŸ‡°πŸ‡·
100%
Judges H-has πŸ‡°πŸ‡·
80%
Vice Champion Huckle πŸ‡°πŸ‡·
80%
3rd Place Steady πŸ‡°πŸ‡·
80%
4th Place CARDIO πŸ‡°πŸ‡·
60%
Champion Jackbryan πŸ‡°πŸ‡·
60%
Top 8 POEM πŸ‡°πŸ‡·
60%
Eliminated SONUS πŸ‡°πŸ‡·
60%
Eliminated Wand πŸ‡°πŸ‡·
60%
Top 8 A.M.jobs πŸ‡°πŸ‡·
40%
Eliminated Dispay πŸ‡°πŸ‡·
40%
Eliminated Hoon πŸ‡°πŸ‡·
40%
Eliminated Liszt πŸ‡°πŸ‡·
40%
Eliminated Lomi πŸ‡°πŸ‡·
40%
Eliminated MophiXz πŸ‡°πŸ‡·
40%
Top 8 OwnGyu πŸ‡°πŸ‡·
40%
Top 8 phoenix-k πŸ‡°πŸ‡·
40%
Eliminated the better πŸ‡°πŸ‡·
40%
Eliminated Ukan πŸ‡°πŸ‡·
40%
Eliminated b2s πŸ‡°πŸ‡·
20%
Eliminated Aaron πŸ‡°πŸ‡·
0%
Eliminated RipPick πŸ‡°πŸ‡·
0%
No matching quizzes found
Score Distribution
Percent of People with Each Score
Percentile by Number Answered
Your Score History
You have not taken this quiz